| 000 | 00444nam a2200181Ia 4500 | ||
|---|---|---|---|
| 001 | 20906 | ||
| 005 | 20260306172840.0 | ||
| 008 | 260306t2015||||xx |||||||||||||| ||spa|| | ||
| 041 | _aESP | ||
| 082 |
_a343.8 _bR75 |
||
| 100 |
_aRodríguez Alarcón, Diana Rocío _eAUT |
||
| 245 | 0 | _aNotificación electrónica - Sunat | |
| 260 | _c2015 | ||
| 300 |
_a31 páginas : _c24 cm. |
||
| 650 | _aGEN | ||
| 654 | _aCCO | ||
| 942 |
_cLIB _dJUS _fJUS _2ddc _n |
||
| 999 |
_c20906 _d20906 |
||